<?xml version="1.0" encoding="UTF-8"?>
<record
    xmlns:xsi="http://www.w3.org/2001/XMLSchema-instance"
    xsi:schemaLocation="http://www.loc.gov/MARC21/slim http://www.loc.gov/standards/marcxml/schema/MARC21slim.xsd"
    xmlns="http://www.loc.gov/MARC21/slim">

  <leader>01192nam0a2200337   4500</leader>
  <controlfield tag="001">RU\NLR\bibl\50901</controlfield>
  <controlfield tag="005">20250616083931.0</controlfield>
  <datafield tag="010" ind1=" " ind2=" ">
    <subfield code="a">5-04-002838-5</subfield>
    <subfield code="9">15000</subfield>
  </datafield>
  <datafield tag="021" ind1=" " ind2=" ">
    <subfield code="a">RU</subfield>
    <subfield code="b">99-27085</subfield>
    <subfield code="9">1316</subfield>
  </datafield>
  <datafield tag="035" ind1=" " ind2=" ">
    <subfield code="a">(NLR Aleph) 000049631</subfield>
  </datafield>
  <datafield tag="090" ind1=" " ind2=" ">
    <subfield code="a">265091</subfield>
    <subfield code="c">265091</subfield>
  </datafield>
  <datafield tag="100" ind1=" " ind2=" ">
    <subfield code="a">19991005d1999    |||y0rusy50      ca</subfield>
  </datafield>
  <datafield tag="101" ind1="0" ind2=" ">
    <subfield code="a">rus</subfield>
  </datafield>
  <datafield tag="102" ind1=" " ind2=" ">
    <subfield code="a">RU</subfield>
  </datafield>
  <datafield tag="105" ind1=" " ind2=" ">
    <subfield code="a">y   |||||||||</subfield>
  </datafield>
  <datafield tag="200" ind1="1" ind2=" ">
    <subfield code="a">&#x416;&#x435;&#x43D;&#x449;&#x438;&#x43D;&#x44B; &#x438; &#x43F;&#x440;&#x435;&#x441;&#x442;&#x443;&#x43F;&#x43D;&#x43E;&#x441;&#x442;&#x44C;</subfield>
    <subfield code="f">&#x410;&#x43B;&#x435;&#x43A;&#x441;&#x435;&#x439; &#x422;&#x430;&#x440;&#x430;&#x431;&#x440;&#x438;&#x43D;</subfield>
  </datafield>
  <datafield tag="210" ind1=" " ind2=" ">
    <subfield code="a">&#x41C;.</subfield>
    <subfield code="c">&#x42D;&#x41A;&#x421;&#x41C;&#x41E;-&#x41F;&#x440;&#x435;&#x441;&#x441;</subfield>
    <subfield code="d">1999</subfield>
  </datafield>
  <datafield tag="215" ind1=" " ind2=" ">
    <subfield code="a">413 &#x441;.</subfield>
    <subfield code="d">17</subfield>
  </datafield>
  <datafield tag="225" ind1="1" ind2=" ">
    <subfield code="a">&#x420;&#x443;&#x441;&#x441;&#x43A;&#x438;&#x439; &#x431;&#x435;&#x441;&#x442;&#x441;&#x435;&#x43B;&#x43B;&#x435;&#x440;</subfield>
    <subfield code="e">&#x420;&#x411;</subfield>
  </datafield>
  <datafield tag="300" ind1=" " ind2=" ">
    <subfield code="a">&#x41D;&#x430; 4-&#x439; &#x441;. &#x43E;&#x431;&#x43B;. &#x430;&#x432;&#x442;.: &#x410;. &#x422;&#x430;&#x440;&#x430;&#x431;&#x440;&#x438;&#x43D;, &#x43F;&#x43E;&#x43B;&#x43A;. &#x43C;&#x438;&#x43B;&#x438;&#x446;&#x438;&#x438; &#x432; &#x43E;&#x442;&#x441;&#x442;&#x430;&#x432;&#x43A;&#x435;</subfield>
  </datafield>
  <datafield tag="606" ind1="0" ind2=" ">
    <subfield code="a">&#x416;&#x435;&#x43D;&#x449;&#x438;&#x43D;&#x44B;</subfield>
    <subfield code="x">&#x41F;&#x440;&#x435;&#x441;&#x442;&#x443;&#x43F;&#x43D;&#x43E;&#x441;&#x442;&#x44C;</subfield>
    <subfield code="y">&#x420;&#x43E;&#x441;&#x441;&#x438;&#x439;&#x441;&#x43A;&#x430;&#x44F; &#x424;&#x435;&#x434;&#x435;&#x440;&#x430;&#x446;&#x438;&#x44F;</subfield>
    <subfield code="9">2085191</subfield>
    <subfield code="3">RU\NLR\auth\661261304</subfield>
  </datafield>
  <datafield tag="686" ind1=" " ind2=" ">
    <subfield code="a">&#x425;628.33</subfield>
  </datafield>
  <datafield tag="686" ind1=" " ind2=" ">
    <subfield code="a">&#x428;6(2=&#x420;)75-446</subfield>
  </datafield>
  <datafield tag="700" ind1=" " ind2="1">
    <subfield code="a">&#x422;&#x430;&#x440;&#x430;&#x431;&#x440;&#x438;&#x43D;</subfield>
    <subfield code="b">&#x410;. &#x413;.</subfield>
    <subfield code="f">1952-</subfield>
    <subfield code="g">&#x410;&#x43B;&#x435;&#x43A;&#x441;&#x435;&#x439; &#x413;&#x440;&#x438;&#x433;&#x43E;&#x440;&#x44C;&#x435;&#x432;&#x438;&#x447;</subfield>
    <subfield code="4">070</subfield>
  </datafield>
  <datafield tag="801" ind1=" " ind2="0">
    <subfield code="a">RU</subfield>
    <subfield code="b">NLR</subfield>
    <subfield code="c">19991005</subfield>
    <subfield code="g">PSBO</subfield>
  </datafield>
  <datafield tag="801" ind1=" " ind2="1">
    <subfield code="a">RU</subfield>
    <subfield code="b">NLR</subfield>
    <subfield code="c">19991005</subfield>
  </datafield>
  <datafield tag="852" ind1=" " ind2=" ">
    <subfield code="a">NLR</subfield>
    <subfield code="j">99-2/2186</subfield>
  </datafield>
  <datafield tag="942" ind1=" " ind2=" ">
    <subfield code="c">BOOK</subfield>
  </datafield>
  <datafield tag="980" ind1=" " ind2=" ">
    <subfield code="a">NB</subfield>
  </datafield>
  <datafield tag="995" ind1=" " ind2=" ">
    <subfield code="5">2013-10-26</subfield>
    <subfield code="b">NLR01</subfield>
    <subfield code="c">NLR01</subfield>
    <subfield code="e">RF8</subfield>
    <subfield code="f">49631-10</subfield>
    <subfield code="k">99-2/2186</subfield>
    <subfield code="o">0</subfield>
    <subfield code="r">BOOK</subfield>
    <subfield code="s">9922186_</subfield>
  </datafield>
</record>
